000
00306nam a2200109Ia 4500
008
171211s9999 xx 000 0 und d
245
_a
Forget Me Not: Photography and Remembrance
245
_c
Geoffrey Batchen
260
_c
2004
650
_x
cinema
856
_u
http://down.ebook777.com/063/1568984502.pdf
999
_c
348742
_d
348742